00679nam a2200217Ia 4500001000600000003000500006008004100011010001100052020001800063040000900081082002000090100002400110245010500134250001200239260004700251300001600298503003800314504002700352650004100379650004100420Z_819CHAP220113s1981 xx 000 0 und d a163913 a968-12-0088-8 cCHAP a300.72 G37 1981 aGarza Mercado, Ario aManual de técnicas de investigación para estudiantes de ciencias sociales /cArio Garza Mercado a3a. ed. aMéxico :bEl Colegio de México,c1981 axvi, 287 p. aej.1: C/E \ ej.2: C/E \ ej.3: s/n aIncluye bibliografía aCiencias sociales xx Investigacion aCiencias sociales xx Metodología